So you want to know about the environment/ (Record no. 170318)

MARC details
000 -LEADER
fixed length control field 00666nam a22001937a 4500
010 ## - LCCN (DPL NO)
LC control number B-731153
020 ## - INTERNATIONAL STANDARD BOOK NUMBER
International Standard Book Number 9788129145123
Terms of availability 195.00
035 ## - SYSTEM CONTROL NUMBER
System control number B-731153
037 ## - SOURCE OF ACQUISITION
Stock number dpl
Source of stock number/acquisition DBAD/Pub
082 ## - DEWEY DECIMAL CLASSIFICATION NUMBER
Classification number 574.5
100 ## - MAIN ENTRY--PERSONAL NAME
Personal name Vachharajani, Bijal
245 ## - TITLE STATEMENT
Title So you want to know about the environment/
Statement of responsibility, etc by Bijal Vachharajani ; illustrated by Sayan Mukherjee
260 ## - PUBLICATION, DISTRIBUTION, ETC. (IMPRINT)
Place of publication, distribution, etc New Delhi
Name of publisher, distributor, etc Red Turtle
Date of publication, distribution, etc 2017
270 ## - ADDRESS
Address 7/16, Ansari Road, Daryaganj
City New Delhi
Postal code 110002
300 ## - PHYSICAL DESCRIPTION
Extent 170p.
Dimensions 19cm(pbk)
Other physical details ill.
700 ## - ADDED ENTRY--PERSONAL NAME
Personal name Mukherjee, Sayan
942 ## - ADDED ENTRY ELEMENTS (KOHA)
Source of classification or shelving scheme Dewey Decimal Classification
Item type Children Books
Call number suffix VAC
Classification part 574.5
Holdings
Withdrawn status Lost status Not for loan Collection code Home library Current library Date acquired Source of acquisition Cost, normal purchase price Full call number Barcode Copy number Cost, replacement price Koha item type
      Non-fiction Kadipur Kadipur 13/12/2019 Gift/ Eng./13.11.2019 195.00 574.5 VAC B-731153 1 195.00 Children Books

© Delhi Public Library
Hit Counter
free hit counter